Crítica de la ilustración (Record no. 78934)

MARC details
000 -LEADER
campo de control de longitud fija 00720nam a2200205 i 4500
001 - NÚMERO DE CONTROL
campo de control 78934
003 - IDENTIFICADOR DE NÚMERO DE CONTROL
campo de control ES-MaACL
007 - CAMPO FIJO DE DESCRIPCIÓN FÍSICA--INFORMACIÓN GENERAL
campo de control de longitud fija t|
008 - DATOS DE LONGITUD FIJA--INFORMACIÓN GENERAL
campo de control de longitud fija 041018s1984 sp ||||1| spa d
100 1# - ENTRADA PRINCIPAL--NOMBRE DE PERSONA
Nombre de persona Heller, Agnes.
9 (RLIN) 62436
245 10 - MENCIÓN DEL TÍTULO
Título Crítica de la ilustración
Resto del título : las antinomas morales de la razón /
Mención de responsabilidad, etc. Agnes Heller ; traducción de Gustau Muñoz y José Ignacio López Soria.
260 ## - PUBLICACIÓN, DISTRIBUCIÓN, ETC.
Lugar de publicación, distribución, etc. Barcelona :
Nombre del editor, distribuidor, etc. Península,
Fecha de publicación, distribución, etc. [1984]
300 ## - DESCRIPCIÓN FÍSICA
Extensión 333 p. ;
Dimensiones 20 cm.
490 1# - MENCIÓN DE SERIE
Mención de serie Historia, ciencia, sociedad
700 1# - ENTRADA AGREGADA--NOMBRE PERSONAL
Nombre de persona Muñoz, Gustau.
9 (RLIN) 84309
700 1# - ENTRADA AGREGADA--NOMBRE PERSONAL
Nombre de persona López Soria, José Ignacio.
9 (RLIN) 73989
830 00 - PUNTO DE ACCESO ADICIONAL DE SERIE-TÍTULO UNIFORME
Título uniforme Historia, ciencia, sociedad (Península)
9 (RLIN) 177444
852 ## - LOCALIZACIÓN
Ubicación ES-MaACL
Número de control de estantería L-7868
Sublocalización o colección R.107172
Holdings
Estatus retirado Estado de pérdida Estado de daño No para préstamo Biblioteca de origen Biblioteca actual Ubicación en estantería Fecha de adquisición Fuente de adquisición Total de préstamos Signatura topográfica completa Código de barras Visto por última vez Precio de reemplazo Tipo de ítem Koha
        Biblioteca del Ateneo de Madrid Biblioteca del Ateneo de Madrid Depósito 2 17/01/2008     L-7868 1082547 23/02/2023 23/02/2023 Libro impreso